00541cam a22001457a 4500008004000000082001300040100002000053245008600073260003000159300001000189650005400199650004000253999001900293952008300312180718b1955 xxu||||| |||| 00| 0 eng d aK78 P273 aPaterson, T. T. aMorale in war and work: an experiment in the management of mencby T. T. Paterson aLondonbMax Parrishc1955 a256p. aWorld War, 1939-1945 --Aerial operations, British aPersonnel management --Case studies c432646d432646 00104070aIIPAbIIPAd2010-02-03oK78 P273p1840r2018-07-21w2018-07-21yBK